000 00614nam a2200217Ia 4500
008 101110s9999 xx 000 0 und d
041 _aENGLISH
082 _bJR4974
100 _aAlurkar S.S., Nadgauda S.P. & others
245 _aA text book of book-keeping & accountancy STd. XI
260 _c2006
_bNarendra Prakashan, Pune
300 _a424
365 _b70
520 _aCommerce
546 _aENGLISH
630 _aA text book of book-keeping & accountancy STd. XI
650 _aCommerce
655 _aCommerce
730 _aA text book of book-keeping & accountancy STd. XI
942 _cBOOK
999 _c795781
_d795778